000 00603nam a2200253Ia 4500
005 20260121114053.0
008 008 260114s9999 xx 000 0 eng d
020 _a9780470999059
037 _aEBOOK
040 _aCRL
040 _beng
040 _cCRL
041 _2eng
041 _aeng
084 _qCRL
100 _aSamuels
_9970497
245 0 _aCompanion to the History of Economic Thought
260 _bWiley
260 _c2003
856 _uhttps://onlinelibrary.wiley.com/doi/book/10.1002/9780470999059
942 _cEBOOK
999 _c1549751
_d1549751